000
00310nam a22001217a 4500
008
160423b xxu||||| |||| 00| 0 eng d
020
_a
9780801662485
020
_a
0801662486
041
_a
eng
080
_a
618.2
245
_a
Emergency nursing principles and practic:
_c
Susan Budassi Sheehy;
942
_2
udc
_c
BK
999
_c
1547
_d
1547